000 00577nam a2200193Ia 4500
003 GCL
008 140319s9999 xx 000 0 ara d
040 _aGCL /
_cGCL
082 0 4 _a811.1
_bع ش
100 1 _aعادل الفريجات
245 1 0 _aالشعراء الجاهليون الاوائل /
_cعادل الفريجات
260 _aبيروت :
_bدار المشرق ،
_c1994
300 _a59 ص ؛
_c24 سم
490 _a
650 0 4 _aالشعر العربى
650 0 4 _aالادب العربى
650 0 4 _aالعصر الجاهلى
942 _2ddc
_cBK
999 _c37349
_d37349